A scientific approach to ethics : developing greater respect for ethics in business and society /

Bibliographic Details
Main Author: Storchevoy, Maxim (Author)
Format: Book
Language:English
Published: New York : Palgrave Macmillan, [2018]
Series:Palgrave pivot.
Subjects:

MARC

Tag First Indicator Second Indicator Subfields
LEADER 00000cam a2200000Ii 4500
001 in00003914813
005 20180501153646.0
008 170915t20182018nyua b 001 0 eng d
010 |a  2017960754 
020 |a 3319691120 
020 |a 9783319691121 
035 |a (OCoLC)on1004094899 
040 |a YDX  |e rda  |c YDX  |d CDX  |d BDX  |d UtOrBLW 
049 |a TXAM 
050 4 |a BJ1589  |b .S836 2018 
082 0 |a 170/.44  |2 23 
100 1 |a Storchevoy, Maxim,  |e author. 
245 1 2 |a A scientific approach to ethics :  |b developing greater respect for ethics in business and society /  |c Maxim Storchevoy. 
264 1 |a New York :  |b Palgrave Macmillan,  |c [2018] 
264 4 |c ©2018 
300 |a xiii, 147 pages :  |b illustrations ;  |c 22 cm. 
336 |a text  |b txt  |2 rdacontent 
337 |a unmediated  |b n  |2 rdamedia 
338 |a volume  |b nc  |2 rdacarrier 
490 1 |a Palgrave pivot 
504 |a Includes bibliographical references and index. 
650 0 |a Normativity (Ethics)  |0 http://id.loc.gov/authorities/subjects/sh95003607 
830 0 |a Palgrave pivot.  |0 http://id.loc.gov/authorities/names/no2012160523 
945 |b 457693 
947 |a A14850286783 
948 |a cataloged  |b h  |c 2018/3/2  |d c  |e dmitchel  |f 8:44:16 am 
994 |a 92  |b TXA 
999 f f |s 23e55656-2a25-3e1c-a298-7aa5ec7a0177  |i b54ed3bc-f774-3cee-8740-85aa6568a75a  |t 0 
952 f f |p normal  |a Texas A&M University  |b College Station  |c Sterling C. Evans Library  |d Evans: Library Stacks  |t 0  |e BJ1589 .S836 2018  |h Library of Congress classification  |i unmediated -- volume  |m A14850286783 
998 f f |a BJ1589 .S836 2018  |t 0  |l Evans: Library Stacks